1522 1112 1084 1558 1459 1090 1429 1543 1114 1972 1959 1901 1295 1348 1032 1192 1676 1839 1286 1013 1301 1192 1090 1849 1807 1168 1839 1061 1340 1774 1360 1927 1271 1796 1161 1301 1913 1192 1229 1209 1862 1801 1446 1836 1271 1159 1576 1668 1851 1403 1272 1474 1198 1188 1707 1464 1775 1270 1126 1007 1715 1029 1252 1136 1161 1116 1245 1619 1256 1872 1204 1533 1599 1199 1908 1123 1373 1913 1851 1730 1589 1446 1436 1277 1873 1657 1484 1056 1992 1809 1462 1522 1084 1462 1483 1948 1038 1906 1459 BCNSPRNW ULIB Ver.6.0+V

เปลี่ยนเป็นภาษาไทย

Change to English
 แสดงรายละเอียดบรรณานุกรม
  กลับหน้าหลัก

Brief Record : Get Marc (ISO 2709) : E-mail record : QR code < ปิดหน้าต่าง
LEADER : 00000nam 2200000uu 4500
001    13399124165
003     ULIB
008    150123s2556||||th 000 0 tha d
020    ^a9786160007127
060  4 ^aWG113^bน612ร
100 0  ^aนิธิ มหานนท์
245 10 ^aรู้ทัน...ป้องกันโรคหัวใจ /^cนิธิ มหานนท์
246 31 ^aรู้ทันป้องกันโรคหัวใจ
250    ^aพิมพ์ครั้งที่ 1
260    ^aกรุงเทพฯ :^bสถาพรบุ๊คส์,^c2556
300    ^a134 หน้า :^bภาพประกอบ ;^c21 ซม.
650  4 ^aโรคหัวใจ
650  7 ^aหัวใจ, โรค
945    ^p100^l0^i038761
945    ^p100^l0^i038762
945    ^p100^l0^i038763
945    ^p100^l0^i038764
945    ^p100^l0^i038765
945    ^p100^l0^i038766
945    ^p100^l0^i038767
999    ^aเกษร โพธิ์สุวรรณ
รายการนี้ยังไม่มีแท็ก
คุณยังไม่ได้ล็อกอิน คุณสามารถมีกิจกรรมร่วมกับเว็บไซต์ได้ แต่ต้องล็อกอินก่อน ::
  ล็อกอิน

รายการสื่อสารสนเทศ

ลำดับที่ ประเภท เลขเรียก/บาร์โค้ด สถานที่ สถานะ
1. วิทยาศาสตร์การแพทย์ และสุขภาพ
หนังสือสำรอง
สถานะ=หนังสือสำรอง
WG113 น612ร ฉ.1 
  Barcode: 038761
ห้องสมุดวิทยาเขตสวรรค์ประชารักษ์
►ส่วนจัดเก็บหนังสือเก่า สปร
บนชั้น
  ขอยืม
2. วิทยาศาสตร์การแพทย์ และสุขภาพ
วิทยาศาสตร์การแพทย์ และสุขภาพ
WG113 น612ร ฉ.2 
  Barcode: 038762
ห้องสมุดวิทยาเขตสวรรค์ประชารักษ์
►ส่วนจัดเก็บหนังสือเก่า สปร
บนชั้น
  ขอยืม
3. วิทยาศาสตร์การแพทย์ และสุขภาพ
วิทยาศาสตร์การแพทย์ และสุขภาพ
WG113 น612ร ฉ.3 
  Barcode: 038763
ห้องสมุดวิทยาเขตสวรรค์ประชารักษ์
►ส่วนจัดเก็บหนังสือเก่า สปร
บนชั้น
  ขอยืม
4. วิทยาศาสตร์การแพทย์ และสุขภาพ
วิทยาศาสตร์การแพทย์ และสุขภาพ
WG113 น612ร ฉ.4 
  Barcode: 038764
ห้องสมุดวิทยาเขตสวรรค์ประชารักษ์
►ส่วนจัดเก็บหนังสือเก่า สปร
บนชั้น
  ขอยืม
5. วิทยาศาสตร์การแพทย์ และสุขภาพ
วิทยาศาสตร์การแพทย์ และสุขภาพ
WG113 น612ร ฉ.5 
  Barcode: 038765
ห้องสมุดวิทยาเขตสวรรค์ประชารักษ์
►ส่วนจัดเก็บหนังสือเก่า สปร
บนชั้น
  ขอยืม
6. วิทยาศาสตร์การแพทย์ และสุขภาพ
วิทยาศาสตร์การแพทย์ และสุขภาพ
WG113 น612ร ฉ.6 
  Barcode: 038766
ห้องสมุดวิทยาเขตสวรรค์ประชารักษ์
►ส่วนจัดเก็บหนังสือเก่า สปร
บนชั้น
  ขอยืม
7. วิทยาศาสตร์การแพทย์ และสุขภาพ
วิทยาศาสตร์การแพทย์ และสุขภาพ
WG113 น612ร ฉ.7 
  Barcode: 038767
ห้องสมุดวิทยาเขตสวรรค์ประชารักษ์
►ส่วนจัดเก็บหนังสือเก่า สปร
บนชั้น
  ขอยืม

รายการใกล้เคียง
    ผู้แต่ง [นิธิ มหานนท์]

    หัวเรื่อง [โรคหัวใจ]
    หัวเรื่อง [หัวใจ, โรค]

BibComment


ยังไม่เคยถูกคอมเมนท์

คอมเมนท์ทรัพยากรรายการนี้
  คอมเมนท์: รู้ทันป้องกันโรค..


 Copyright 2026. Bcnsprnw @Library